FAO soils bulletin N.39 Salt-affected soils and their management

Uloženo v:
Podrobná bibliografie
Hlavní autor: I P Abrol
Médium: Kniha
Jazyk:Undetermined
Vydáno: Rome FAO 1988
Témata:
Tagy: Přidat tag
Žádné tagy, Buďte první, kdo otaguje tento záznam!
Thư viện lưu trữ: Trung tâm Học liệu Trường Đại học Cần Thơ
LEADER 00538nam a2200193Ia 4500
001 CTU_3836
008 210402s9999 xx 000 0 und d
082 |a 631 
082 |b S683/N.39 
100 |a I P Abrol 
245 0 |a FAO soils bulletin N.39 
245 0 |b Salt-affected soils and their management 
245 0 |c I P Abrol 
260 |a Rome 
260 |b FAO 
260 |c 1988 
650 |a soil conservation,soil science 
904 |i Nguyễn Quang Điền, 960530 
980 |a Trung tâm Học liệu Trường Đại học Cần Thơ